Statistics for Largest African Countries by Area or Population

Click here to take the quiz!

General Stats

  • This quiz has been taken 121 times
  • The average score is 14 of 15

Answer Stats

Area Population Country % Correct
2,381,74039,903,000Algeria
100%
1,267,000Niger
100%
1,221,03754,957,000South Africa
100%
184,000,000Nigeria
100%
2,344,85877,267,000DR Congo
99%
1,104,30090,076,000Ethiopia
98%
1,861,48438,435,000Sudan
97%
1,284,000Chad
97%
88,523,000Egypt
97%
1,759,540Libya
96%
48,829,000Tanzania
96%
1,240,192Mali
94%
44,234,000Kenya
93%
1,246,700Angola
91%
35,760,000Uganda
77%

Score Distribution

Percentile by Number Answered

Percent of People with Each Score

Your Score History

You have not taken this quiz